000 00303nam a22001217a 4500
999 _c15438
_d15438
020 _a9789381450864
082 _a637.14
_bPUR/DA
100 _aPuranik , D B.
_91184
245 _aDairy plant management /
260 _aNew delhi ;
_bNew india publishing agency ,
_c2014.
300 _a272 ; .
942 _cBK